000 01080nam a2200301 i 4500
001 12561
003 ES-MaACL
005 20250824201531.0
007 t|
008 930716m1996 sp a |||| | spa
020 _a84-89384-06-1
020 _a84-368-1014-7
080 _a002(460)(091)
080 _a002(460)"18/19"(091)
245 0 0 _aHistoria ilustrada del libro español.
_n3,
_pLa edición moderna
_b: siglos XIX y XX /
_cbajo la dirección de Hipólito Escolar ; colaboradores, Jean-François Botrel ... [et al.].
260 _aMadrid :
_bFundación Germán Sánchez Ruipérez :
_bPirámide,
_c1996.
300 _a608 p. :
_bil. col. ;
_c26 cm.
490 1 _aBiblioteca del libro ;
_v66
500 _aÍndice.
650 4 _aLibros-
_zEspaña-
_vHistoria.
_914432
650 4 _aLibros-
_zEspaña-
_yS.XIX.
_914433
650 4 _aLibros-
_zEspaña-
_yS.XX.
_9167637
700 1 _aEscolar Sobrino, Hipólito.
_947607
700 1 _aBotrel, Jean-François.
_930790
830 1 0 _aBiblioteca del libro
_v66
_9177916
852 _aES-MaACL
_jL-19835
999 _c12561
_d12561